Statistics for Top 50 websites in UK

Click here to take the quiz!

General Stats

  • This quiz has been taken 596 times
    (569 since last reset)
  • The average score is 18 of 50

Answer Stats

#CategoryWebsite% Correct
2Searchgoogle.com
99%
1Searchgoogle.co.uk
99%
3Social Mediafacebook.com
98%
5Newsbbc.co.uk
89%
20Shoppingamazon.com
88%
7Shoppingamazon.co.uk
88%
10Social Mediatwitter.com
86%
18Social Mediainstagram.com
80%
6Shoppingebay.co.uk
76%
8Portalyahoo.com
73%
29Searchbing.com
67%
4Entertainmentyoutube.com
64%
13Tabloiddailymail.co.uk
54%
35Entertainmentsky.com
53%
9Informationwikipedia.org
45%
33Bankinghsbc.co.uk
41%
43Bankingbarclays.co.uk
38%
26ITapple.com
32%
32ITmicrosoft.com
31%
24Social Mediatumblr.com
31%
49Governmentwww.gov.uk
31%
36Shoppingtesco.com
30%
37Telecommunicationbt.com
29%
23Moviesimdb.com
28%
25Social Newsreddit.com
27%
11Social Medialinkedin.com
24%
28Portalmsn.com
24%
22Real estaterightmove.co.uk
24%
21Newstelegraph.co.uk
21%
19Social Mediapinterest.com
20%
42Financesantander.co.uk
20%
40Real estatezoopla.co.uk
18%
50Newsmirror.co.uk
16%
48Portalbuzzfeed.com
13%
30Image Hostingimgur.com
12%
38Tabloidindependent.co.uk
11%
39Shoppingargos.co.uk
10%
15Financepaypal.com
10%
34Traveltripadvisor.co.uk
10%
16Newstheguardian.com
9%
27Advertisinggumtree.com
8%
12Searchlive.com
7%
47Hostingdropbox.com
4%
46Bankinglloydsbank.co.uk
4%
17Social Mediawordpress.com
4%
41Social Mediawordpress.org
4%
31Programmingstackoverflow.com
2%
44Sportsgivemesport.com
0%
45Financesalesforce.com
0%
14Entertainmenttheladbible.com
0%

Score Distribution

Percentile by Number Answered

Percent of People with Each Score

Your Score History

You have not taken this quiz since the last reset